[Event "Copenhagen Chess Challenge 2010"]
[Site "Ballerup"]
[Date "2010.??.??"]
[Round "2"]
[White "Matthiesen, Martin"]
[Black "Haubro, Martin"]
[Result "1-0"]
[WhiteElo "2290"]
[BlackElo "1907"]
[PlyCount "61"]
[EventDate "2010.??.??"]
[EventType "swiss"]
[EventRounds "9"]
[EventCountry "DEN"]

1. Nf3 f5 2. d3 Nf6 3. Nc3 d6 4. e4 e5 5. exf5 Bxf5 6. d4 e4 7. Nh4 Qd7 8. d5
Be7 9. h3 h6 10. g4 Bh7 11. g5 hxg5 12. Bxg5 O-O 13. Qd2 Qe8 14. Rg1 Qf7 15.
O-O-O Nbd7 16. Ng2 Ne5 17. Be2 c6 18. Nf4 cxd5 19. Nfxd5 Nxd5 20. Nxd5 Bxg5 21.
Qxg5 Rad8 22. Bg4 Nxg4 23. Rxg4 Rd7 24. Rdg1 Kh8 25. Rf4 Qe8 26. Rh4 Rxf2 27.
Rxh7+ Kxh7 28. Qh4+ Kg8 29. Qxf2 Rf7 30. Nf6+ Kf8 31. Rxg7 1-0

[Event "Copenhagen Chess Challenge 2010"]
[Site "Ballerup"]
[Date "2010.??.??"]
[Round "2"]
[White "Stigar, Petter"]
[Black "Skjoldager, Mikael"]
[Result "1-0"]
[WhiteElo "2281"]
[BlackElo "1958"]
[PlyCount "49"]
[EventDate "2010.??.??"]
[EventType "swiss"]
[EventRounds "9"]
[EventCountry "DEN"]

1. Nf3 Nf6 2. c4 g6 3. Nc3 d5 4. cxd5 Nxd5 5. e4 Nxc3 6. dxc3 Qxd1+ 7. Kxd1 Nd7
8. Be3 e5 9. Bc4 f6 10. Ke2 Bc5 11. Rhd1 Bxe3 12. Kxe3 Nb6 13. Bb3 a5 14. a4
Bd7 15. Ne1 O-O-O 16. Nd3 Bc6 17. Nc5 Rxd1 18. Rxd1 Rd8 19. Be6+ Nd7 20. b4 b6
21. b5 Bxb5 22. axb5 bxc5 23. Rd5 a4 24. Kd2 a3 25. Kc2 1-0

[Event "Copenhagen Chess Challenge 2010"]
[Site "Ballerup"]
[Date "2010.??.??"]
[Round "2"]
[White "Eriksson, Christian Altenburg"]
[Black "Andersen, Daniel"]
[Result "1/2-1/2"]
[WhiteElo "2155"]
[BlackElo "1948"]
[PlyCount "101"]
[EventDate "2010.??.??"]
[EventType "swiss"]
[EventRounds "9"]
[EventCountry "DEN"]

1. e4 e6 2. d4 d5 3. e5 c5 4. c3 Nc6 5. Nf3 Qb6 6. a3 c4 7. Nbd2 Na5 8. g3 Bd7
9. Bh3 h6 10. O-O Ne7 11. Ne1 Nf5 12. Ng2 g5 13. Bxf5 exf5 14. Qh5 Qg6 15. Qxg6
fxg6 16. f4 g4 17. Ne3 Bc6 18. Rb1 O-O-O 19. Re1 Ba4 20. Re2 Nb3 21. Ndf1 Bc6
22. Bd2 Kd7 23. Be1 Ke6 24. Nd2 Nxd2 25. Rxd2 Ba4 26. Re2 Bb3 27. Nf1 a5 28.
Nd2 a4 29. Nf1 Be7 30. Ne3 h5 31. Ng2 Rdf8 32. Bf2 Rh7 33. Kf1 Rfh8 34. Ke1 Bd8
35. Kd2 Be7 36. Rh1 Rg7 37. Ke3 Rf8 38. Kd2 Rh7 39. Ree1 Rhf7 40. h3 gxh3 41.
Rxh3 Rg7 42. Rg1 Bd8 43. Rh2 Be7 44. Ne1 Bd8 45. Nf3 Be7 46. Be3 Bd8 47. Nh4
Bxh4 48. gxh4 Kf7 49. Rhg2 Re8 50. Ke1 Re6 51. Bc1 1/2-1/2

[Event "Copenhagen Chess Challenge 2010"]
[Site "Ballerup"]
[Date "2010.??.??"]
[Round "2"]
[White "Hansen, Rasmus Agertoft"]
[Black "Poulsen, Iver"]
[Result "0-1"]
[WhiteElo "1947"]
[BlackElo "2140"]
[PlyCount "52"]
[EventDate "2010.??.??"]
[EventType "swiss"]
[EventRounds "9"]
[EventCountry "DEN"]

1. d4 d5 2. Nf3 c6 3. c4 e6 4. Nc3 dxc4 5. a4 Bb4 6. Bd2 a5 7. e4 b5 8. axb5
Bxc3 9. Bxc3 cxb5 10. d5 Nf6 11. Qe2 O-O 12. Rd1 exd5 13. Bxf6 Qxf6 14. Rxd5
Ba6 15. Nd4 Nc6 16. Nxc6 Qxc6 17. Qd2 b4 18. Qd4 Qa4 19. f4 Qc2 20. Be2 Qc1+
21. Bd1 c3 22. bxc3 bxc3 23. Qf2 Rac8 24. Qc2 Qxf4 25. Rxa5 Qe3+ 26. Be2 Rfd8
0-1

[Event "Copenhagen Chess Challenge 2010"]
[Site "Ballerup"]
[Date "2010.??.??"]
[Round "2"]
[White "Brondum, Eric"]
[Black "Reppen, Ellisiv"]
[Result "1-0"]
[WhiteElo "2135"]
[BlackElo "1944"]
[PlyCount "107"]
[EventDate "2010.??.??"]
[EventType "swiss"]
[EventRounds "9"]
[EventCountry "DEN"]

1. d4 Nf6 2. Bg5 e6 3. e4 Be7 4. Nd2 d5 5. e5 Nfd7 6. h4 c5 7. c3 cxd4 8. cxd4
Nc6 9. Ngf3 O-O 10. Bd3 f6 11. exf6 Bxf6 12. Qc2 h6 13. a3 e5 14. Qb3 Nb6 15.
dxe5 Qe7 16. O-O-O Nxe5 17. Nxe5 Qxe5 18. Nf3 Qc7+ 19. Kb1 Bd7 20. Rc1 Qd6 21.
Be3 Ba4 22. Qb4 Qxb4 23. axb4 Bb3 24. Nd4 Bc4 25. Bf5 Be7 26. Be6+ Kh8 27. b5
Bd3+ 28. Ka2 a6 29. Nc2 axb5+ 30. Kb1 Nc4 31. Bxd5 Ra5 32. Rhd1 Bf5 33. Bxb7
Rb8 34. Bd5 Nxe3 35. fxe3 b4 36. e4 Bh7 37. Ne3 Bxh4 38. Nf5 Bf6 39. Rc6 Rd8
40. g4 Bg8 41. Nxh6 Bxd5 42. exd5 Rdxd5 43. Rh1 Kh7 44. Nf5+ Kg6 45. Ne7+ Kf7
46. Nxd5 Rxd5 47. Rf1 Rd2 48. g5 Rxb2+ 49. Kc1 Ra2 50. Kd1 b3 51. gxf6 b2 52.
fxg7+ Kxg7 53. Kc2 Ra1 54. Rb1 1-0

[Event "Copenhagen Chess Challenge 2010"]
[Site "Ballerup"]
[Date "2010.??.??"]
[Round "2"]
[White "Knudsen, Jes West"]
[Black "Hvenekilde, Jorgen"]
[Result "1/2-1/2"]
[WhiteElo "1938"]
[BlackElo "2128"]
[PlyCount "124"]
[EventDate "2010.??.??"]
[EventType "swiss"]
[EventRounds "9"]
[EventCountry "DEN"]

1. e4 e5 2. Bc4 d6 3. f4 exf4 4. d4 Qh4+ 5. Kf1 Be6 6. d5 Bg4 7. Nf3 Qf6 8. Nc3
a6 9. h3 Bh5 10. Qd2 Bxf3 11. gxf3 Nd7 12. Qxf4 Qxf4 13. Bxf4 g6 14. Be3 Bg7
15. Ne2 Ngf6 16. Nd4 O-O 17. Re1 Rfe8 18. Bb3 Nc5 19. Rh2 Nh5 20. Rg2 Re7 21.
Rg4 Rae8 22. Kf2 Nf6 23. Rg2 Nxb3 24. axb3 Nxd5 25. Nf5 Nxe3 26. Nxe7+ Rxe7 27.
Kxe3 Bxb2 28. Kd3 Be5 29. Rf1 Bf4 30. Rg4 g5 31. Rfg1 Kf8 32. h4 f6 33. hxg5
fxg5 34. Rh1 Kg7 35. Ra1 h5 36. Rg2 Re5 37. Rh1 Kg6 38. c4 Re7 39. Rh3 Rh7 40.
b4 h4 41. c5 Kh5 42. Kc4 Re7 43. Rh1 Re6 44. Kd5 Re5+ 45. Kd4 Re7 46. Ra2 Be5+
47. Kc4 Rf7 48. Ra3 Bg3 49. Kd5 Kg6 50. c6 bxc6+ 51. Kxc6 Kh5 52. Kd5 Rf8 53.
Kc6 Rf7 54. Kd5 Kg6 55. Kc6 Be5 56. Rh3 Bg3 57. Rh1 Kh7 58. Kd5 Be5 59. Ke6 Kg6
60. Kd5 Kh5 61. Ke6 Kg6 62. Kd5 Kh5 1/2-1/2

[Event "Copenhagen Chess Challenge 2010"]
[Site "Ballerup"]
[Date "2010.??.??"]
[Round "2"]
[White "Thestrup, Sixten"]
[Black "Olsen, Aage"]
[Result "1-0"]
[WhiteElo "1930"]
[BlackElo "2095"]
[PlyCount "63"]
[EventDate "2010.??.??"]
[EventType "swiss"]
[EventRounds "9"]
[EventCountry "DEN"]

1. c4 e5 2. g3 Nf6 3. Bg2 Nc6 4. Nc3 Bc5 5. e3 a6 6. Nge2 d6 7. O-O O-O 8. a3
Ba7 9. b4 Rb8 10. d4 Re8 11. b5 axb5 12. Nxb5 Bb6 13. d5 Ne7 14. a4 Bc5 15. Ba3
Bxa3 16. Rxa3 Bf5 17. c5 Be4 18. cxd6 cxd6 19. Nec3 Bxg2 20. Kxg2 Ra8 21. Qb3
Qd7 22. Rb1 Ra6 23. e4 Rc8 24. a5 Rca8 25. Qb4 Qd8 26. Rba1 Nc8 27. R1a2 b6 28.
axb6 Qxb6 29. Rxa6 Rxa6 30. Qc4 Qb7 31. Rxa6 Qxa6 32. Nxd6 1-0

[Event "Copenhagen Chess Challenge 2010"]
[Site "Ballerup"]
[Date "2010.??.??"]
[Round "2"]
[White "Marshall, Michael"]
[Black "Andersen, Rune Egede"]
[Result "1/2-1/2"]
[WhiteElo "1906"]
[BlackElo "2073"]
[PlyCount "59"]
[EventDate "2010.??.??"]
[EventType "swiss"]
[EventRounds "9"]
[EventCountry "DEN"]

1. d4 d5 2. Nf3 Nf6 3. e3 e6 4. Bd3 c5 5. b3 Nc6 6. O-O Bd6 7. Bb2 O-O 8. Nbd2
b6 9. Ne5 Bb7 10. f4 Nb4 11. Be2 cxd4 12. exd4 Rc8 13. c3 Na6 14. Bd3 Ne4 15.
Qe2 Nxd2 16. Qxd2 f5 17. Rae1 Nc7 18. Rf3 Qe7 19. Rh3 Ne8 20. g4 g6 21. g5 Rc7
22. Qe3 Bc8 23. c4 Bb4 24. Re2 Qd6 25. Qc1 dxc4 26. bxc4 Qe7 27. a3 Bd6 28. Qc3
Qg7 29. Qe1 Bxe5 30. Rxe5 1/2-1/2

[Event "Copenhagen Chess Challenge 2010"]
[Site "Ballerup"]
[Date "2010.??.??"]
[Round "2"]
[White "Kallen, Jonas"]
[Black "Peschardt, Soren"]
[Result "0-1"]
[WhiteElo "1893"]
[BlackElo "2069"]
[PlyCount "66"]
[EventDate "2010.??.??"]
[EventType "swiss"]
[EventRounds "9"]
[EventCountry "DEN"]

1. c4 f5 2. g3 Nf6 3. Bg2 e5 4. d4 e4 5. Nc3 Bb4 6. Bg5 O-O 7. e3 Bxc3+ 8. bxc3
h6 9. Bxf6 Qxf6 10. h4 b6 11. Ne2 Ba6 12. Qb3 Qf7 13. d5 Bb7 14. h5 Na6 15. Nf4
Nc5 16. Qd1 Rfe8 17. Bf1 c6 18. Rg1 Rac8 19. g4 fxg4 20. Rxg4 Re5 21. Qd4 Rg5
22. Rxg5 hxg5 23. Ng6 Re8 24. d6 Qf6 25. Qxf6 gxf6 26. O-O-O Kf7 27. Bh3 Nd3+
28. Rxd3 exd3 29. Bxd7 Rd8 30. Bf5 Rxd6 31. h6 d2+ 32. Kd1 c5 33. e4 Bc6 0-1

[Event "Copenhagen Chess Challenge 2010"]
[Site "Ballerup"]
[Date "2010.??.??"]
[Round "2"]
[White "Rostgaard, Tobias Valentin"]
[Black "Christensen, Casper"]
[Result "1-0"]
[WhiteElo "2037"]
[BlackElo "1893"]
[PlyCount "135"]
[EventDate "2010.??.??"]
[EventType "swiss"]
[EventRounds "9"]
[EventCountry "DEN"]

1. d4 Nf6 2. Nf3 g6 3. c4 Bg7 4. Nc3 d6 5. e4 c5 6. Be2 O-O 7. O-O cxd4 8. Nxd4
Nc6 9. Be3 a6 10. f3 h6 11. Qd2 Kh7 12. Nd5 Nxd5 13. cxd5 Na7 14. a4 Bd7 15.
Nb3 e5 16. Na5 b6 17. Nc4 Nc8 18. Qb4 a5 19. Qb3 Qc7 20. Bxb6 Nxb6 21. Qxb6
Qxb6+ 22. Nxb6 Ra7 23. Nxd7 Rxd7 24. Bb5 Rc7 25. b4 axb4 26. a5 Ra7 27. Bc6 Bf6
28. a6 Bd8 29. Bb7 Bb6+ 30. Kh1 f5 31. Rfc1 Bc5 32. Rc4 Rf7 33. Rb1 Rfxb7 34.
axb7 Rxb7 35. Rb3 Ra7 36. Rc1 Kg7 37. Rcb1 Ra2 38. h4 Re2 39. Rxb4 Bxb4 40.
Rxb4 fxe4 41. fxe4 Rf2 42. Kg1 Rf4 43. g3 Rf6 44. Kg2 Kf7 45. Rb7+ Ke8 46. Rb8+
Kd7 47. Rb7+ Kd8 48. Ra7 Ke8 49. Kh3 h5 50. Ra3 Kf7 51. Ra8 Ke7 52. Kg2 Kd7 53.
Ra7+ Ke8 54. Ra3 g5 55. hxg5 Rg6 56. Kh3 Rxg5 57. Kh4 Rg4+ 58. Kxh5 Rxe4 59.
Kg5 Rd4 60. Kf5 Kd8 61. Ke6 Kc7 62. Rc3+ Kd8 63. Kxd6 e4 64. Ra3 Ke8 65. Ke6
Kf8 66. d6 e3 67. Rxe3 Ra4 68. Rf3+ 1-0

[Event "Copenhagen Chess Challenge 2010"]
[Site "Ballerup"]
[Date "2010.??.??"]
[Round "2"]
[White "Hauge, Lars Oskar"]
[Black "Pallesen, Jacob"]
[Result "0-1"]
[WhiteElo "1823"]
[BlackElo "2028"]
[PlyCount "76"]
[EventDate "2010.??.??"]
[EventType "swiss"]
[EventRounds "9"]
[EventCountry "DEN"]

1. e4 c5 2. Nf3 e6 3. d4 cxd4 4. Nxd4 a6 5. Bd3 Nc6 6. Nxc6 bxc6 7. Nc3 d5 8.
O-O Nf6 9. e5 Nd7 10. Re1 a5 11. Qg4 Ba6 12. Qg3 Nc5 13. Bxa6 Rxa6 14. Be3 g6
15. Rad1 Qb8 16. Bd4 Nd7 17. f4 c5 18. Bf2 Qxb2 19. Rb1 Qxc2 20. Nb5 Rc6 21.
Na7 Rc7 22. Nb5 Rc8 23. Na7 Rb8 24. Rxb8+ Nxb8 25. f5 gxf5 26. Nc8 Nd7 27. Qg5
h6 28. Qh5 Rg8 29. Nd6+ Bxd6 30. exd6 Rg6 31. Qh4 Nf6 32. g3 Kd7 33. Qf4 Ne4
34. Be3 d4 35. Bc1 Nxd6 36. Ba3 Qc3 37. Re5 Qxa3 38. Qf1 Rxg3+ 0-1

[Event "Copenhagen Chess Challenge 2010"]
[Site "Ballerup"]
[Date "2010.??.??"]
[Round "2"]
[White "Frank Nielsen, Marie"]
[Black "Schmidt, Horst Hubert"]
[Result "1-0"]
[WhiteElo "1992"]
[BlackElo "1873"]
[PlyCount "91"]
[EventDate "2010.??.??"]
[EventType "swiss"]
[EventRounds "9"]
[EventCountry "DEN"]

1. e4 g6 2. d4 Bg7 3. Nf3 d6 4. Nc3 Bg4 5. Be3 Nf6 6. h3 Bxf3 7. Qxf3 O-O 8. e5
Ne8 9. O-O-O c6 10. exd6 Nxd6 11. g4 Nd7 12. h4 f5 13. gxf5 Nxf5 14. h5 Nxe3
15. Qxe3 Nf6 16. hxg6 Qd6 17. Bc4+ Nd5 18. gxh7+ Kh8 19. Bxd5 cxd5 20. Qg5 e6
21. Rdg1 Qf4+ 22. Qxf4 Rxf4 23. Rg6 Rf6 24. Rxf6 Bxf6 25. Ne2 Rc8 26. c3 b5 27.
Kc2 b4 28. Nf4 Kg7 29. Nh5+ Kxh7 30. Nxf6+ Kg6 31. Nd7 bxc3 32. bxc3 Rc7 33.
Ne5+ Kg5 34. Kd3 Rb7 35. Rc1 a5 36. Nc6 a4 37. Nb4 Kf4 38. Re1 Kf5 39. Re5+ Kf6
40. Re3 a3 41. Re1 Kf5 42. Rb1 Kg6 43. Rb3 Ra7 44. Nc2 Rf7 45. Ke2 Re7 46. Rxa3
1-0

[Event "Copenhagen Chess Challenge 2010"]
[Site "Ballerup"]
[Date "2010.??.??"]
[Round "2"]
[White "Vesterli, Michael E"]
[Black "Langmyhr, Tore"]
[Result "0-1"]
[WhiteElo "1795"]
[BlackElo "1991"]
[PlyCount "86"]
[EventDate "2010.??.??"]
[EventType "swiss"]
[EventRounds "9"]
[EventCountry "DEN"]

1. d4 f5 2. g3 e6 3. Bg2 Nf6 4. c4 c6 5. Nc3 d5 6. Nh3 Be7 7. O-O O-O 8. e3 Bd7
9. Qb3 Qc7 10. Bd2 Be8 11. Rac1 Qd7 12. Nf4 Bf7 13. Nd3 dxc4 14. Qxc4 e5 15.
Qa4 e4 16. Ne5 Qe8 17. f3 exf3 18. Bxf3 Nbd7 19. Nxc6 bxc6 20. Bxc6 Rb8 21.
Rxf5 Qd8 22. Nb5 Be6 23. Rf2 Ng4 24. Rxf8+ Bxf8 25. Qxa7 Qf6 26. Rf1 Qh6 27. h4
Rd8 28. d5 Bc5 29. Qc7 Bb6 30. Qf4 Nxe3 31. Qxh6 Nxf1+ 32. Kxf1 Bh3+ 33. Ke1
gxh6 34. Bxh6 Ne5 35. b3 Bd7 36. Bxd7 Rxd7 37. d6 Bc5 38. Ke2 Nf7 39. Bd2 Nxd6
40. b4 Bxb4 41. Bxb4 Nxb5 42. a3 Ra7 43. Kf3 Nxa3 0-1

[Event "Copenhagen Chess Challenge 2010"]
[Site "Ballerup"]
[Date "2010.??.??"]
[Round "2"]
[White "Kokholm, Daniel"]
[Black "Petrovski, Petruli"]
[Result "1-0"]
[WhiteElo "1962"]
[BlackElo "1818"]
[PlyCount "87"]
[EventDate "2010.??.??"]
[EventType "swiss"]
[EventRounds "9"]
[EventCountry "DEN"]

1. d4 Nf6 2. Nc3 d5 3. e4 e6 4. Be3 Bb4 5. e5 Ne4 6. Nge2 Nd7 7. a3 Nxc3 8.
bxc3 Be7 9. Ng3 c5 10. Bd3 c4 11. Be2 g6 12. O-O h5 13. f4 Nf8 14. Bf3 Bd7 15.
Qe2 Bc6 16. Nh1 Qa5 17. Qe1 O-O-O 18. Nf2 Nh7 19. Nh3 Rdg8 20. Ng5 Nxg5 21.
fxg5 h4 22. Bg4 Rh7 23. Rxf7 Rxf7 24. Bxe6+ Kb8 25. Bxf7 Rh8 26. Bxg6 Qd8 27.
Qd2 Be8 28. Bxe8 Qxe8 29. Qf2 Qg6 30. h3 Bxg5 31. Re1 Be7 32. Bc1 Rf8 33. Qe2
Qg3 34. Qe3 Rf3 35. Qe2 Rxc3 36. Rf1 Qg6 37. Qg4 Qxg4 38. hxg4 Rg3 39. Kh2 Rxg4
40. Rf7 Bg5 41. Bxg5 Rxg5 42. e6 Rg6 43. e7 Re6 44. Rf8+ 1-0

[Event "Copenhagen Chess Challenge 2010"]
[Site "Ballerup"]
[Date "2010.??.??"]
[Round "2"]
[White "Tandrup, Michael"]
[Black "Molvig, Julius"]
[Result "1/2-1/2"]
[WhiteElo "1954"]
[BlackElo "1782"]
[PlyCount "48"]
[EventDate "2010.??.??"]
[EventType "swiss"]
[EventRounds "9"]
[EventCountry "DEN"]

1. d4 Nf6 2. Nf3 c5 3. e3 d5 4. b3 e6 5. Bd3 Be7 6. Bb2 O-O 7. Nbd2 Nc6 8. O-O
Qc7 9. c4 Nb4 10. Be2 b6 11. a3 Nc6 12. Bd3 Rd8 13. Qe2 Bb7 14. Rac1 Rac8 15.
Ne5 Bd6 16. f4 Qe7 17. Rf3 cxd4 18. Nxc6 Bxc6 19. cxd5 Nxd5 20. Bxh7+ Kxh7 21.
Rh3+ Kg8 22. Qh5 f6 23. Qh8+ Kf7 24. Qh5+ Kg8 1/2-1/2

[Event "Copenhagen Chess Challenge 2010"]
[Site "Ballerup"]
[Date "2010.??.??"]
[Round "3"]
[White "Skytte, Rasmus"]
[Black "Haub, Thorsten Michael"]
[Result "0-1"]
[WhiteElo "2386"]
[BlackElo "2508"]
[PlyCount "106"]
[EventDate "2010.??.??"]
[EventType "swiss"]
[EventRounds "9"]
[EventCountry "DEN"]

1. e4 g6 2. d4 Bg7 3. Nc3 d6 4. Be3 a6 5. a4 b6 6. Qd2 Nd7 7. Nf3 h6 8. Bd3 e6
9. O-O Ne7 10. Ne2 Nf6 11. h3 Bb7 12. Ng3 d5 13. e5 Ne4 14. Qe2 Nf5 15. Nxf5
exf5 16. c3 O-O 17. Nd2 c5 18. a5 c4 19. Bxe4 fxe4 20. axb6 Qxb6 21. f3 Rab8
22. Rab1 exf3 23. Qxf3 Qe6 24. b4 Bc8 25. Ra1 Rb5 26. Qg3 Qb6 27. Qh4 g5 28.
Qg3 a5 29. bxa5 Rxa5 30. Rab1 Qg6 31. Nf3 Ra2 32. Ra1 Rxa1 33. Rxa1 Be6 34. Bf2
Rb8 35. Rc1 Rb2 36. Nh2 h5 37. Be3 g4 38. hxg4 hxg4 39. Nf1 Qd3 40. Bf4 Qxg3
41. Nxg3 Bf8 42. Ra1 Kh7 43. Nh5 Kg6 44. Nf6 Be7 45. Ne8 Kf5 46. g3 Ke4 47.
Re1+ Kd3 48. Re3+ Kc2 49. Nd6 Rb3 50. Kf2 Rxc3 51. Re2+ Kb3 52. Nb5 Rf3+ 53.
Kg2 c3 0-1

[Event "Copenhagen Chess Challenge 2010"]
[Site "Ballerup"]
[Date "2010.??.??"]
[Round "3"]
[White "Bejtovic, Jasmin"]
[Black "Brynell, Stellan"]
[Result "1/2-1/2"]
[WhiteElo "2384"]
[BlackElo "2479"]
[PlyCount "35"]
[EventDate "2010.??.??"]
[EventType "swiss"]
[EventRounds "9"]
[EventCountry "DEN"]

1. d4 Nf6 2. Nf3 e6 3. c4 b6 4. g3 Ba6 5. b3 Bb7 6. Bg2 Bb4+ 7. Bd2 a5 8. O-O
O-O 9. Qc2 d6 10. Nc3 Nbd7 11. Rfe1 Bxc3 12. Bxc3 Be4 13. Qb2 a4 14. Nd2 Bxg2
15. Kxg2 Qb8 16. e4 axb3 17. axb3 Qb7 18. d5 1/2-1/2

[Event "Copenhagen Chess Challenge 2010"]
[Site "Ballerup"]
[Date "2010.??.??"]
[Round "3"]
[White "Nilssen, John Arni"]
[Black "Pedersen, Nicolai Vesterbaek"]
[Result "1/2-1/2"]
[WhiteElo "2372"]
[BlackElo "2453"]
[PlyCount "146"]
[EventDate "2010.??.??"]
[EventType "swiss"]
[EventRounds "9"]
[EventCountry "DEN"]

1. d4 Nf6 2. c4 c5 3. d5 b5 4. cxb5 a6 5. b6 Qxb6 6. Nc3 d6 7. a4 g6 8. a5 Qb4
9. Bd2 Bg7 10. Na4 Qb7 11. Nb6 Nxd5 12. Nxa8 Qxa8 13. Qc1 Qb7 14. Bc3 Nxc3 15.
bxc3 O-O 16. Nf3 Bf5 17. e3 Nc6 18. Be2 Na7 19. O-O Nb5 20. Bxb5 Qxb5 21. Ra3
Rb8 22. Nd2 Qc6 23. e4 Bxe4 24. Nxe4 Qxe4 25. Re1 Qf5 26. Ra2 Be5 27. Rb2 Rxb2
28. Qxb2 Qd3 29. g3 Kg7 30. Re3 Qc4 31. h4 Bf6 32. Qb1 Qa4 33. Qb6 Qc4 34. Qb1
d5 35. Qf1 Qxf1+ 36. Kxf1 c4 37. Ke2 e6 38. Kd2 Bd8 39. Re1 Bxa5 40. Ra1 Bb6
41. Ke2 a5 42. Rb1 Bc7 43. Rb7 Be5 44. Kd2 d4 45. Rb5 dxc3+ 46. Kc2 Bd4 47. f3
Bf2 48. g4 Bxh4 49. Rxa5 Be1 50. Rc5 Bd2 51. Rxc4 h5 52. g5 Bxg5 53. Kxc3 e5
54. Kd3 h4 55. Ke2 h3 56. Kf2 Bf4 57. Ra4 f5 58. Rb4 Kh6 59. Ra4 Kg5 60. Ra5
Kf6 61. Ra6+ Kg7 62. Ra7+ Kh6 63. Ra8 h2 64. Kg2 Kg5 65. Ra4 Bg3 66. Ra1 f4 67.
Ra5 Kf5 68. Rb5 g5 69. Kh1 g4 70. fxg4+ Kxg4 71. Rxe5 Kf3 72. Rf5 Ke4 73. Rxf4+
Kxf4 1/2-1/2

[Event "Copenhagen Chess Challenge 2010"]
[Site "Ballerup"]
[Date "2010.??.??"]
[Round "3"]
[White "Andersen, Mads"]
[Black "Bromann, Thorbjorn"]
[Result "1/2-1/2"]
[WhiteElo "2331"]
[BlackElo "2435"]
[PlyCount "51"]
[EventDate "2010.??.??"]
[EventType "swiss"]
[EventRounds "9"]
[EventCountry "DEN"]

1. d4 e6 2. c4 Bb4+ 3. Bd2 Qe7 4. g3 f5 5. Bg2 Nf6 6. Nf3 O-O 7. O-O Bxd2 8.
Qxd2 Ne4 9. Qc2 d6 10. Nc3 Nxc3 11. Qxc3 Nd7 12. e4 fxe4 13. Nd2 d5 14. cxd5
exd5 15. Qxc7 Qb4 16. Qc3 Qxc3 17. bxc3 Nf6 18. Rfe1 Bf5 19. Nf1 Rac8 20. Ne3
Be6 21. Rac1 Rc7 22. f3 Rfc8 23. Nd1 exf3 24. Bxf3 Bg4 25. Bxg4 Nxg4 26. Rb1
1/2-1/2

[Event "Copenhagen Chess Challenge 2010"]
[Site "Ballerup"]
[Date "2010.??.??"]
[Round "3"]
[White "Smith, Axel"]
[Black "Skousen, Nikolai"]
[Result "0-1"]
[WhiteElo "2408"]
[BlackElo "2317"]
[PlyCount "150"]
[EventDate "2010.??.??"]
[EventType "swiss"]
[EventRounds "9"]
[EventCountry "DEN"]

1. e4 d6 2. d4 Nf6 3. Nc3 c6 4. f4 Qa5 5. Nf3 Nxe4 6. Bd3 Nxc3 7. bxc3 Nd7 8.
O-O Nf6 9. c4 e6 10. f5 Be7 11. Bd2 Qc7 12. fxe6 Bxe6 13. Ng5 O-O-O 14. Nxe6
fxe6 15. Qe2 e5 16. Rae1 Kb8 17. h3 Nd7 18. Rf7 Bf6 19. dxe5 Bxe5 20. Qf2 Rdf8
21. Bxh7 Qd8 22. Bd3 Bg3 23. Qxg3 Rxf7 24. Qxd6+ Ka8 25. Qd4 Re7 26. Rf1 Qe8
27. a4 Rf8 28. Rxf8 Qxf8 29. a5 Qf6 30. Qg4 Qd6 31. Bc3 Qh6 32. Kh2 Qd6+ 33.
Kg1 Qh6 34. Kh2 a6 35. Qd4 c5 36. Qf2 Qd6+ 37. g3 Ka7 38. Bd2 Qd4 39. Kg2 Ne5
40. Be3 Nxd3 41. Bxd4 Nxf2 42. Bxc5+ Kb8 43. Kxf2 Re4 44. h4 Rxc4 45. Bd6+ Kc8
46. h5 Kd7 47. Bf8 Ke6 48. Bxg7 Rxc2+ 49. Ke3 Rc5 50. g4 Rxa5 51. h6 Kf7 52.
Bc3 Ra3 53. Kd3 Kg6 54. g5 b5 55. Kc2 a5 56. Kb2 b4 57. Bf6 Rh3 58. Be7 a4 59.
Ka2 Rh2+ 60. Kb1 b3 61. Kc1 Re2 62. Bd6 Ra2 63. Kb1 Rd2 64. Be7 Rd7 65. Bb4
Kxg5 66. Kb2 Kxh6 67. Ka3 Ra7 68. Bc3 Kg6 69. Bb2 Kf5 70. Kb4 Ke4 71. Ba3 Kd3
72. Bb2 Kc2 73. Ka3 Rb7 74. Ba1 b2 75. Kxa4 bxa1=R# 0-1

[Event "Copenhagen Chess Challenge 2010"]
[Site "Ballerup"]
[Date "2010.??.??"]
[Round "3"]
[White "Veng, Johny"]
[Black "Mikkelsen, Nikolaj"]
[Result "0-1"]
[WhiteElo "2237"]
[BlackElo "2388"]
[PlyCount "66"]
[EventDate "2010.??.??"]
[EventType "swiss"]
[EventRounds "9"]
[EventCountry "DEN"]

1. d4 Nf6 2. c4 g6 3. Nc3 d5 4. Nf3 Bg7 5. Bg5 Ne4 6. cxd5 Nxg5 7. Nxg5 e6 8.
Qd2 exd5 9. Qe3+ Kf8 10. Qf4 Bf6 11. h4 Kg7 12. e4 dxe4 13. Bc4 Qxd4 14. Qxc7
Qd7 15. Qxd7 Nxd7 16. Ngxe4 Bxc3+ 17. Nxc3 Re8+ 18. Be2 Ne5 19. O-O-O Bf5 20.
Rd4 Rac8 21. g4 Be6 22. Kb1 Bc4 23. Bxc4 Nxc4 24. Rc1 Red8 25. Rcd1 Rxd4 26.
Rxd4 Na3+ 27. Kc1 Nb5 28. Rd3 Rc4 29. f3 h5 30. Kd2 Rb4 31. Rd5 Rxb2+ 32. Kd3
Nxc3 33. Kxc3 Rxa2 0-1

[Event "Copenhagen Chess Challenge 2010"]
[Site "Ballerup"]
[Date "2010.??.??"]
[Round "3"]
[White "Hector, Jonny"]
[Black "Matthiesen, Martin"]
[Result "0-1"]
[WhiteElo "2582"]
[BlackElo "2290"]
[PlyCount "82"]
[EventDate "2010.??.??"]
[EventType "swiss"]
[EventRounds "9"]
[EventCountry "DEN"]

1. e4 c5 2. Nf3 d6 3. d4 cxd4 4. Nxd4 Nf6 5. Nc3 a6 6. Bg5 e6 7. f4 Nbd7 8. Qe2
Qc7 9. O-O-O Be7 10. Nf3 Nb6 11. Kb1 h6 12. Bh4 O-O 13. g4 Nxg4 14. Bxe7 Qxe7
15. e5 dxe5 16. fxe5 f6 17. Rg1 Nxe5 18. Nxe5 fxe5 19. Qxe5 Qf6 20. Qe4 e5 21.
Rg6 Qxf1 22. Qxe5 Qf7 23. Rxb6 Bg4 24. Rc1 Bf5 25. Qg3 Kh7 26. Qg2 Rab8 27. Rd1
Rfe8 28. Rb4 Re5 29. a3 Bg6 30. h4 Re7 31. Nd5 Re5 32. Rf4 Rxd5 33. Rxf7 Rxd1+
34. Ka2 Bxf7+ 35. b3 Rbd8 36. Qxb7 R8d2 37. a4 Rxc2+ 38. Ka3 a5 39. Qe4+ Bg6
40. Qe5 h5 41. Qxa5 Rd3 0-1

[Event "Copenhagen Chess Challenge 2010"]
[Site "Ballerup"]
[Date "2010.??.??"]
[Round "3"]
[White "Danielsen, Henrik"]
[Black "Skovgaard, Peter Nicolai"]
[Result "1-0"]
[WhiteElo "2494"]
[BlackElo "2307"]
[PlyCount "65"]
[EventDate "2010.??.??"]
[EventType "swiss"]
[EventRounds "9"]
[EventCountry "DEN"]

1. Nf3 Nf6 2. g3 Nc6 3. d4 e6 4. Bg2 d6 5. c4 g6 6. Nc3 Bg7 7. O-O O-O 8. e4 d5
9. Bg5 dxe4 10. Nxe4 Re8 11. Re1 h6 12. Bxf6 Bxf6 13. d5 Nb8 14. Nxf6+ Qxf6 15.
Qd2 Kg7 16. Re4 e5 17. Rae1 Nd7 18. Qc3 Nc5 19. Rxe5 Bd7 20. b4 Na4 21. Qd4
Rxe5 22. Nxe5 Re8 23. f4 a6 24. h4 Kh7 25. Kh2 Bf5 26. c5 b5 27. Qf2 Qe7 28.
Re3 Qf8 29. g4 Bc8 30. g5 Bf5 31. Bh3 Bxh3 32. Kxh3 f6 33. Nd7 1-0

[Event "Copenhagen Chess Challenge 2010"]
[Site "Ballerup"]
[Date "2010.??.??"]
[Round "3"]
[White "Stigar, Petter"]
[Black "Westerinen, Heikki"]
[Result "1/2-1/2"]
[WhiteElo "2281"]
[BlackElo "2347"]
[PlyCount "37"]
[EventDate "2010.??.??"]
[EventType "swiss"]
[EventRounds "9"]
[EventCountry "DEN"]

1. Nf3 Nf6 2. c4 g6 3. g3 Bg7 4. Bg2 O-O 5. O-O d6 6. d4 Nc6 7. Nc3 Nd7 8. b3
e5 9. dxe5 Ndxe5 10. Bb2 Bg4 11. Nxe5 dxe5 12. h3 Be6 13. Qxd8 Raxd8 14. Rad1
e4 15. Bxe4 Bxh3 16. Rxd8 Rxd8 17. Rd1 Rxd1+ 18. Nxd1 Nd8 19. Bxg7 1/2-1/2

[Event "Copenhagen Chess Challenge 2010"]
[Site "Ballerup"]
[Date "2010.??.??"]
[Round "3"]
[White "Tikkanen, Hans"]
[Black "Kristensen, Kaare Hove"]
[Result "1-0"]
[WhiteElo "2465"]
[BlackElo "2258"]
[PlyCount "65"]
[EventDate "2010.??.??"]
[EventType "swiss"]
[EventRounds "9"]
[EventCountry "DEN"]

1. d4 d5 2. c4 c6 3. Nf3 Nf6 4. e3 e6 5. b3 Nbd7 6. Bb2 Bd6 7. Nbd2 O-O 8. Bd3
Qe7 9. Ne5 Ba3 10. Bxa3 Qxa3 11. Qc2 dxc4 12. Ndxc4 Qb4+ 13. Ke2 Rd8 14. g4 Nf8
15. g5 Nd5 16. Rag1 Bd7 17. a3 Qe7 18. b4 Be8 19. h4 b6 20. h5 a5 21. g6 f5 22.
gxh7+ Nxh7 23. h6 g5 24. f4 g4 25. Bxf5 exf5 26. Qxf5 Kh8 27. Rxg4 Nhf6 28. Rg7
Qf8 29. Ng6+ Bxg6 30. Qxg6 Re8 31. Ne5 Nxf4+ 32. exf4 Rad8 33. Rf7 1-0